000 00780cab a2200265 4500
001 ABS60349
008 090401t1999 xxu||||| |||| 00| 0 eng d
035 _a(Sirsi) u99772
041 _aeng
100 _aBosworth, J.
245 _aHow the Welsh Assembly will affect planning
260 _c1999
350 _a0
490 _aJournal of Planning and Environment Law
_vMarch 1999, 219-224(6)
520 _aConsiders the changes to the planning system which may be brought about by the introduction of the Welsh Assembly in May.
650 _aPLANNING SYSTEM
650 _aPREDICTIONS
650 _aSCOTLAND
650 _aWALES
650 _aWELSH ASSEMBLY
690 _aPLANNING LAW AND PRACTICE
700 _aShellens, T.
942 _n0
948 _c12/03/1999
999 _c60002
_d60002